000
00356nam a2200133Ia 4500
008
100328s9999 xx 000 0 und d
082
_b
29003
100
_a
जोशी विमल
245
_a
पाऊल खुणा
260
_b
प्रपंच
630
_a
पाऊल खुणा
730
_a
पाऊल खुणा
942
_c
BOOK
999
_c
520142
_d
520139